Sàn sườn bê tông toàn khối
Tổng quan về thiết kế sân sườn toàn khối. Các bộ phận của sàn sườn. Tải trọng trên bản dầm, thiết kế bản dầm, tính toán dầm phụ, dầm chính
में बचाया:
| मुख्य लेखक: | |
|---|---|
| स्वरूप: | पुस्तक |
| भाषा: | Undetermined |
| प्रकाशित: |
Hà Nội
Xây dựng
2008
|
| विषय: | |
| टैग : |
टैग जोड़ें
कोई टैग नहीं, इस रिकॉर्ड को टैग करने वाले पहले व्यक्ति बनें!
|
| Thư viện lưu trữ: | Trung tâm Học liệu Trường Đại học Cần Thơ |
|---|
| LEADER | 00849nam a2200205Ia 4500 | ||
|---|---|---|---|
| 001 | CTU_160140 | ||
| 008 | 210402s9999 xx 000 0 und d | ||
| 020 | |c 44000 | ||
| 082 | |a 693.541 | ||
| 082 | |b C455 | ||
| 100 | |a Nguyễn, Đình Cống | ||
| 245 | 0 | |a Sàn sườn bê tông toàn khối | |
| 245 | 0 | |c Nguyễn Đình Cống tác giả | |
| 260 | |a Hà Nội | ||
| 260 | |b Xây dựng | ||
| 260 | |c 2008 | ||
| 520 | |a Tổng quan về thiết kế sân sườn toàn khối. Các bộ phận của sàn sườn. Tải trọng trên bản dầm, thiết kế bản dầm, tính toán dầm phụ, dầm chính | ||
| 650 | |a Concrete construction,Xây dựng bê tông | ||
| 904 | |i Thạch, Trọng Hiếu | ||
| 980 | |a Trung tâm Học liệu Trường Đại học Cần Thơ | ||